Contributions to the history of the Hindu revenue system (Record no. 345162)

000 -LEADER
fixed length control field 00436cam a22001457a 4500
008 - FIXED-LENGTH DATA ELEMENTS--GENERAL INFORMATION
fixed length control field 180718b1972 xxu||||| |||| 00| 0 eng d
082 ## - DEWEY DECIMAL CLASSIFICATION NUMBER
Classification number Lx5401 G346
100 ## - MAIN ENTRY--PERSONAL NAME
Personal name Ghoshal, U.N.
245 ## - TITLE STATEMENT
Title Contributions to the history of the Hindu revenue system
Statement of responsibility, etc. by U.N. Ghoshal
250 ## - EDITION STATEMENT
Edition statement 2nd ed.
260 ## - PUBLICATION, DISTRIBUTION, ETC.
Place of publication, distribution, etc. Calcutta
Name of publisher, distributor, etc. Saraswt Library
Date of publication, distribution, etc. 1972
300 ## - PHYSICAL DESCRIPTION
Extent 448p.
500 ## - GENERAL NOTE
General note First Pub. 1929
650 ## - SUBJECT ADDED ENTRY--TOPICAL TERM
Topical term or geographic name entry element Finance, Public - India to 1200 A.D.
Holdings
Withdrawn status Lost status Damaged status Not for loan Permanent Location Current Location Date acquired Full call number Barcode Date last seen Price effective from Koha item type
        Indian Institute of Public Administration Indian Institute of Public Administration 1993-10-06 Lx5401 G346 47015 2018-07-21 2018-07-21 Book

Powered by Koha